| 000 | 00691cam a22001814a 4500 | ||
|---|---|---|---|
| 005 | 20250605164037.0 | ||
| 008 | 250528s ||||||||||||||||||||||||d | ||
| 035 | _a16845 | ||
| 020 | _a960203212 | ||
| 040 |
_aGR-AtMCL _bgre _dGR-AtMCL _eAACR2 |
||
| 245 | 1 | _aΤι Είναι η Ορθοδοξία και τι Είναι ο Παπισμός / Απλαί και Ταπειναί Σκέψεις Ενός Πιστού Τέκνου της Μίας, Αγίας, Καθολικής και Αποστολικής Εκκλησίας | |
| 260 |
_bΑστήρ, _c1995 |
||
| 300 | _a56 | ||
| 700 | 1 |
_aΚοντόγλου Φωτιος _92930 |
|
| 942 | _cBK | ||
| 999 |
_c2299 _d2299 |
||